Online Catalogue and eLibrary

Palath sabha saha ehi kriyakarithwaya (Record no. 5078)

MARC details
000 -LEADER
fixed length control field 00445nam a2200157Ia 4500
005 - DATE AND TIME OF LATEST TRANSACTION
control field 20250624013534.0
008 - FIXED-LENGTH DATA ELEMENTS--GENERAL INFORMATION
fixed length control field 240331s9999 xx 000 0 und d
020 ## - INTERNATIONAL STANDARD BOOK NUMBER
ISBN 9559151010
082 ## - DDC Classification
Item Number - Author Mark HUS
Class No. 352
100 ## - MAIN ENTRY--PERSONAL NAME
Personal name Hussain,M.S.M
245 #0 - TITLE STATEMENT
Title Palath sabha saha ehi kriyakarithwaya
260 ## - PUBLICATION, DISTRIBUTION, ETC.
Place of publication, distribution, etc. Kandy
Name of publisher, distributor, etc. Ara Deepa
Date of publication, distribution, etc. 1992
300 ## - PHYSICAL DESCRIPTION
Extent (e.g. Volumes, Pages etc.) XXV, 242 P .,
500 ## - GENERAL NOTE
General note An explanation and analysis of the law relating to provincial Councils
942 ## - Koha item type (Biblio)
Koha item type Books in Stacks (Lending)
Holdings
Lost status Damaged status Collection code Home library Current library Shelving location Date acquired Full call number Accession Number Item type
    Lending WERC Library WERC Library Social Science Cupboard 03/31/2024 352 HUS 3424 Books in Stacks (Lending)

© WERC Library